Konvergované technológie a NGN (Next Generation Networks) - aspekty riadenia a manažmentu sietí aj z pohľadu komunikácie medzi jednotlivými segmentmi siete

Enregistré dans:
Détails bibliographiques
Auteur principal: Varchol, Juraj (Auteur)
Autres auteurs: Podhradský, Pavol, 1943- (Directeur de thèse)
Format: Manuscrit Livre
Langue:slovaque
Publié: Bratislava : STU v Bratislave FEI, 2005
Sujets:
Tags: Ajouter un tag
Pas de tags, Soyez le premier à ajouter un tag!

MARC

LEADER 00000ntm a22000003a 4500
001 stu114771
005 20160719165005.1
008 060320s2005----xo------------------slo-d
040 |a STU  |b slo 
041 0 |a slo 
044 |a xo 
100 1 |a Varchol, Juraj  |4 aut 
245 1 |a Konvergované technológie a NGN (Next Generation Networks) - aspekty riadenia a manažmentu sietí aj z pohľadu komunikácie medzi jednotlivými segmentmi siete 
260 |a Bratislava :  |b STU v Bratislave FEI,  |c 2005 
300 |a 57 s 
650 7 |a Telekomunikácie  |2 stusub 
700 1 |a Podhradský, Pavol,  |d 1943-  |4 ths  |u E240  |U FEI Fakulta elektrotechniky a informatiky  |T FEI Katedra telekomunikácií  |X 2148  |U E240  |Y 72  |7 A000002148